000 00624nam a22002057a 4500
005 20251108172151.0
008 250721s1985 xx 000 0 ara d
082 1 4 _a923.1547/محم
100 1 _aعناية الله، أنور
245 1 0 _aمحمد علي جناح /
264 1 _aعمان :
_bالسفارة الباكستانية - القسم الثقافي،
_c1985.
300 _a42ص
650 1 7 _aالتراجم
650 1 7 _aالملوك و الحكام
650 1 7 _aالتاريخ
650 1 7 _aالباكستان
700 1 _aأبو ديه، سعد
_eترجمة
942 _2ddc
_cBK
999 _c72104
_d72104